Prix Nobel d’économie - Statistiques

Statistiques générales
  • Ce quiz a été pris 483 fois
  • Le résultat moyen est 16 sur 93
Statistiques - réponses
Date nom % Correct
1976 Milton Friedman
69%
2019 Esther Duflo
58%
1970 Paul Samuelson
56%
2001 Joseph Stiglitz
52%
1974 Friedrich Von Hayek
47%
2014 Jean Tirole
46%
2008 Paul krugman
41%
1998 Amartya Sen
37%
1987 Robert Solow
36%
1995 Robert Lucas
35%
2001 George Akerlof
34%
1972 Kenneth Arrow
34%
1971 Simon Kuznets
34%
1972 John Hicks
31%
2009 Elinor Ostrom
29%
2019 Abhijit Banerjee
28%
1991 Ronald Coase
28%
2018 Paul Romer
27%
1978 Herbert Simon
26%
1988 Maurice Allais
26%
1985 Franco Modigliani
25%
2009 Olivier williamson
25%
2013 Eugene Fama
24%
2002 Vernon Smith
24%
1973 Wassily Leontief
24%
1992 Gary Becker
23%
1969 Jan Tinbergen
22%
1977 Bertil Ohlin
21%
2002 Daniel Kahneman
21%
2022 Douglas Diamond
21%
1994 John Forbes Nash
21%
2010 Peter Diamond
21%
2023 Claudia Goldin
20%
1993 Douglas North
20%
1982 George Stigler
20%
2018 William Nordhaus
20%
1983 Gérard Debreu
19%
1981 James Tobin
19%
2017 Richard Thaler
19%
1999 Robert Mundell
18%
1974 Gunnar Myrdal
17%
2001 Michael Spence
16%
1969 Ragnar Anton Kittil Frisch
16%
2004 Finn kydland
15%
2022 Ben Bernanke
14%
2004 Edward Prescott
14%
1986 James Buchanan
14%
1977 James Meade
14%
2021 David Card
13%
1997 Robert Merton
13%
2013 Robert Shiller
13%
2006 Edmond Phelps
12%
2000 James Heckman
11%
1989 Trygve Haavelmo
11%
2015 Angus Deaton
10%
1979 Arthur Lewis
10%
2010 Christopher Pissarides
10%
2010 Dale Mortensen
10%
1975 Leonid Kantorovitch
10%
2022 Phillip Dybvig
10%
2013 Lars Peter Hansen
9%
1980 Lawrence klein
9%
1997 Myron Scholes
9%
1975 Tjalling Koopmans
9%
1984 Richard Stone
8%
1979 Theodore Schultz
8%
2005 Thomas Schelling
8%
2012 Alvin Roth
7%
2019 Michael Kremer
7%
2005 Robert Aumann
7%
2016 Bengt Holmström
6%
1990 Harry Markowitz
6%
1990 Merton Miller
6%
2016 Olivier Hart
6%
2020 Paul Milgrom
6%
2011 Christopher A. Sims
5%
1996 James Mirrlees
5%
1994 John Harsanyi
5%
1993 Robert Fogel
5%
2011 Thomas Sergent
5%
2003 Clive Granger
4%
2000 Daniel McFadden
4%
2021 Joshua Angrist
4%
2007 Leonid Hurwicz
4%
2012 Lloyd Shapley
4%
1994 Reinhard Selten
4%
2007 Roger Myerson
4%
1990 William Sharpe
4%
1996 William Vickrey
4%
2007 Eric Maskin
3%
2021 Guido Imbes
3%
2003 Robert Engle
3%
2020 Robert Wilson
2%
Aucun quiz correspondant
Distribution des résultats
% des personnes avec chaque résultat
Percentile par nombre de réponses
Votre historique - résultats
Vous n’avez pas pris ce quiz